Kvantifikace lidských rotavirů skupiny A (RVA) pomocí reverzně transkripční real-time qPCR /

Main Author: Prodělalová, Jana
Other Authors: Moutelíková, Romana
Language: Czech
Published: Brno : Výzkumný ústav veterinárního lékařství, v.v.i., 2015
Series: Uplatněná certifikovaná metodika ; č. 68
Subjects:
Physical Description: 16 nečíslovaných stran ; 30 cm
Book
Saved in:
LEADER 02080nam a2200529 i 4500
001 nkc20152745712
003 CZ PrNK
005 20160125072821.0
007 ta
008 151023s2015 xr f 000 0 cze
015 |a cnb002745712 
020 |a 978-80-86895-74-1  |q (kroužková vazba) 
035 |a (OCoLC)939571571 
040 |a BOA001  |b cze  |d ABA001  |e rda 
072 7 |a 636.09  |x Veterinární lékařství  |2 Konspekt  |9 24 
080 |a 578.823  |2 MRF 
080 |a 579.083  |2 MRF 
080 |a 57.088.7  |2 MRF 
080 |a 636.09:616-07  |2 MRF 
080 |a (083.744)  |2 MRF 
100 1 |a Prodělalová, Jana  |7 mzk2015895631  |4 aut 
245 1 0 |a Kvantifikace lidských rotavirů skupiny A (RVA) pomocí reverzně transkripční real-time qPCR /  |c autoři Jana Prodělalová, Romana Moutelíková 
264 1 |a Brno :  |b Výzkumný ústav veterinárního lékařství, v.v.i.,  |c 2015 
300 |a 16 nečíslovaných stran ;  |c 30 cm 
336 |a text  |b txt  |2 rdacontent 
337 |a bez média  |b n  |2 rdamedia 
338 |a svazek  |b nc  |2 rdacarrier 
490 1 |a Uplatněná certifikovaná metodika ;  |v č. 68 
504 |a Obsahuje bibliografii 
650 0 7 |a rotaviry  |7 ph232606  |2 czenas 
650 0 7 |a mikrobiologická analýza  |7 ph437934  |2 czenas 
650 0 7 |a genetické metody  |7 ph261562  |2 czenas 
650 0 7 |a veterinární diagnostika  |7 ph137081  |2 czenas 
650 0 9 |a Rotavirus  |2 eczenas 
650 0 9 |a microbiological analysis  |2 eczenas 
650 0 9 |a genetic methods  |2 eczenas 
650 0 9 |a veterinary diagnostics  |2 eczenas 
655 7 |a certifikované metodiky  |7 fd806827  |2 czenas 
655 9 |a certified methodology  |2 eczenas 
700 1 |a Moutelíková, Romana  |7 mzk2015895633  |4 aut 
810 2 |a Výzkumný ústav veterinárního lékařství.  |t Metodika  |0 s 
910 2 |a BOA001  |b 4-1358.240 
990 |a BK 
995 |a 01 
991 |b 201601  |c NOV 
996 6 |b 2610652473  |c 4-1358.240  |l MZK  |r Sklad / do 1 hodiny  |n 0  |p p.v.  |w 001534956  |u 000010  |a 1  |e BOA001  |j MZK50  |s P 
996 7 |b 2610652474  |c 4-1358.240  |l MZK  |r Sklad / do 1 hodiny  |n 1  |p p.v.  |w 001534956  |u 000020  |a 1  |e BOA001  |j MZK50  |s A